Normal view
MARC view
Entry Personal Name
001 - CONTROL NUMBER
- control field: 16216
003 - CONTROL NUMBER IDENTIFIER
- control field: OSt
005 - DATE AND TIME OF LATEST TRANSACTION
- control field: 20220812142612.0
008 - FIXED-LENGTH DATA ELEMENTS
- fixed length control field: 220812|| aca||aabn | a|a d
040 ## - CATALOGING SOURCE
- Original cataloging agency: OSt
- Transcribing agency: OSt
100 ## - HEADING--PERSONAL NAME
- Personal name: Jones, Gareth A; J. Mary Jones
670 ## - SOURCE DATA FOUND
- Source citation: Work cat.: (OSt): Jones, Gareth A; J. Mary Jones, Elementary number theory., c1999
